| 000 | 00995nas a2200325 4500 | ||
|---|---|---|---|
| 001 | BR0604482 | ||
| 003 | BR-BrBNA | ||
| 005 | 20231205110425.0 | ||
| 007 | ta | ||
| 008 | 230509b bl.|||p| |||| 00| 00por d | ||
| 040 |
_aBR-BrBNA _bpor _cBiblioteca Nacional de Agricultura |
||
| 041 | _a(Pt) | ||
| 072 | _aL51; L70 | ||
| 100 | 1 | _aMiranda Neto, E.G. | |
| 100 | 1 | _aAfonso, J.A.B. | |
| 100 | 1 | _aMendonça, C.L. | |
| 100 | 1 | _aAlmeida, M.Z.P.R.B. | |
| 245 | 1 | _aEstudo clínico e características do suco ruminal de caprinos com acidose láctica induzida experimentalmente | |
| 650 | _aCAPRINO | ||
| 650 | _aACIDEZ | ||
| 650 | _aSUCO GÁSTRICO | ||
| 650 | _aRÚMEN | ||
| 650 | _aPROPRIEDADE FÍSICO-QUÍMICA | ||
| 650 | _aANÁLISE ESTATÍSTICA | ||
| 650 | _aDIETA | ||
| 650 | _aINGESTÃO | ||
| 773 | 0 |
_tPesquisa Veterinária Brasileira (Brazil) _xISSN 0100-736X _g(Apr-Jun 2005), v. 25(2) p. 73-78 _wBR0604482 |
|
| 909 |
_a202311 _bLúcia _c55 _dLúcia Elande |
||
| 942 |
_2AGRIS _n0 _cANA |
||
| 999 |
_c187338 _d187338 |
||